=LDR 00000nam 2200000 4500 =001 INLIS000000000033874 =005 20130612135815 =008 ***********************************ind** =035 ##$$0010-061300000033874 =041 ##$$a ind =082 ##$$a 610. 73 =090 ##$$a 610. 73, Jam P =100 ##$$a James, Joyce =245 ##$$a Prinsip-prinsip sains untuk keperawatan, Joyce James, Colin Baker, Helen Swain, penerjemah , Indah retno Wasdhani =260 ##$$a 2006 $b Jakarta =300 ##$$a viii, 251 hlm, ilus, 25 cm =650 ##$$a Baker, Colin =650 ##$$a SWain, Helen =650 ##$$a Wardhani, Retno =850 ##$$a NBPNMAT =990 ##$$a 0001/BPAP-NTB/20142015 =990 ##$$a 0001/BPAP-NTB/20142015 =990 ##$$a 0001/BPAP-NTB/2016